Armonía entre la Ciencia, la Razón i la Revelación

Gardado en:
Detalles Bibliográficos
Autor Principal: Basterrica, J (Author)
Formato: Libro
Idioma:Lingua castelá
Publicado: Santiago Imprenta Santiago 1876
Edición:1a. ed
Subjects:
Tags: Engadir etiqueta
Sen Etiquetas, Sexa o primeiro en etiquetar este rexistro!

MARC

LEADER 00000nam a2200000 a 4500
001 UCJ6836
003 CL-VaPUC
008 070124e18760000CL |||||||||||||||||spa|d
082 0 4 |a 200  |b BAS  |2 21 
100 0 |a Basterrica, J  |e author  |9 514244 
245 1 0 |a Armonía entre la Ciencia, la Razón i la Revelación 
250 |a 1a. ed 
300 |a pág. irreg 
942 |c BK 
945 |d 20070124 00:00:00  |a rinostro 
260 |a Santiago  |b Imprenta Santiago  |c 1876 
650 0 |a Teología natural  |9 266548 
650 0 |a Sagradas escrituras  |9 349657 
650 0 |a Ciencia y religión   |9 321686 
650 0 |a Teología dogmática   |9 313198 
583 |a last modification  |c 20180328 10:59:52  |k Rodrigo Vera 
999 |c 322938  |d 322936 
952 |0 0  |1 0  |4 0  |6 200_000000000000000_BAS_1876  |7 0  |8 X  |9 402108  |a FDOBUD  |b FDOBUD  |d 2019-11-22  |i 1046225  |o 200 BAS 1876  |p 1046225  |r 2019-11-22  |w 2019-11-22  |y BK_X  |k BUD